Szól a rigó kiskorában népi mondókák, gyermekjátékok

Podrobná bibliografia
Hlavný autor: Gágyor, József, 1941- (Autor)
Ďalší autori: Kopócs, Tibor, 1937- (Ilustrátor), Kulcsár, Ferencné (Ilustrátor)
Médium: Kniha
Jazyk:maďarčina
slovenčina
Fyzický popis:104 s. ilustr., noty 21 cm
Vydavateľské údaje: Bratislava Madách 1978
ISBN:9631116514
Vydanie:1. kiad.
Predmet:

MARC

LEADER 00000cam a2200000 a 4500
001 vtls001113217
003 SK-MaSNL
005 20260301111522.0
008 250414s1978 xo ga jr 0000p hun
015 |a SNBA1978/01 
020 |a 9631116514  |q (viaz.) 
035 |a SNK000056060 
040 |a SNK  |b slo  |c SNK  |e AACR2 
041 0 |a hun  |a slo 
044 |a xo  |c SK 
080 |a 894.511-1(087.5)=945.11  |2 1981 
080 |a 398.2(=945.11)=945.11  |2 1981 
100 1 |a Gágyor, József,  |d 1941-  |4 aut  |9 104468 
245 1 0 |a Szól a rigó kiskorában  |b népi mondókák, gyermekjátékok  |c József Gágyor ; [Tibor Kopócs, Kulcsár Ferencné] 
246 1 1 |a Spieva malý drozd 
250 |a 1. kiad. 
260 |a Bratislava  |b Madách  |c 1978 
300 |a 104 s.  |b ilustr., noty  |c 21 cm 
366 |e 6000 výtl., 24100 výtl. pre Móra Ferenc Könyvkiadó, Budapest 
500 |a Ilustr. na tit. liste, front. a predsádkach. Výklad slov. Pre deti do 9 rokov 
521 1 |a Pre deti do 9 rokov 
546 |a Súbežný názov v slovenčine 
650 0 7 |a detské piesne  |2 SNKPH  |9 3415 
655 7 |a maďarská poézia  |2 SNKPH  |9 70602 
655 7 |a poézia pre deti a mládež  |2 SNKPH  |9 184063 
700 1 |a Kopócs, Tibor,  |d 1937-  |4 ill  |9 105991 
700 1 |a Kulcsár, Ferencné  |4 ill  |9 61103 
852 |a Slovenská národná knižnica 
919 |a 9631116514 
958 |a LX 
958 |a DB 
958 |a TL 
958 |a OND 
999 |c 707262  |d 709192 
952 |a SNK  |b SNK  |y VYP  |7 0  |p 17A1149183  |o snkSC 44921 D1  |i snkKSP 5680/78  |0 0  |1 0  |4 0  |d 2016-01-11  |l 0  |r 2026-02-23 21:21:11  |w 2026-02-23